000 00842pam a2200265 a 4500
001 2977399
003 OSt
005 20151014101005.0
008 920602s1993 nju 001 0 eng
010 _a 92020807
020 _a0139184678
040 _aDLC
_cDLC
_dDLC
050 0 0 _aPN145
_b.M5 1993
082 0 0 _a808/.02
_220
100 1 _aMinot, Stephen.
245 1 0 _aThree genres :
_bthe writing of poetry, fiction, and drama /
_cStephen Minot.
250 _a5th ed.
260 _aEnglewood Cliffs, N.J. :
_bPrentice Hall,
_cc1993.
300 _axiii, 384 p. ;
_c23 cm.
500 _aIncludes index.
650 0 _aCreative writing.
906 _a7
_bcbc
_corignew
_d1
_eocip
_f19
_gy-gencatlg
942 _2lcc
_cBK
999 _c250591
_d250591